000 00757nam a22002057a 4500
005 20241128144036.0
010 _aENG-142672
020 _c525.00
_a9788119896127
035 _aEN-126204
037 _bDBAD
082 _a000
_21
100 _aVeranda RACE
_974246
245 _aIBPS PO Mains Pre-Mock Tests/
_cBy Veranda RACE
250 _a1
260 _aUttar Pradesh
_bPearson India Education Pvt Ltd
_c2024
270 _bUttar Pradesh
_a1st FLoor, Berger Tower, Plot No. C-001A/2, Sector-16B, Noida
_e201301
300 _avpp.
_c23cm(pb)
_bIndex
500 _a 12 Sectional and 8 Full-Length Tests | Prepare With Accuracy For Speed | Solved 2023 Memory-based Paper | Online Daily Current Affairs
942 _2ddc
_cEN
_h000
_mIBP
_e1
999 _c207145
_d207145